000 00311nam a2200121Ia 4500
008 220204s9999 xx 000 0 und d
082 _a036.08
_bTIM
245 0 _aPhilosophy in social work
260 _aLondon
_bRoutledge and Kegan Paul
_c1978
700 _aTimms, Noel
700 _aWatson, David
942 _cBK
999 _c29196
_d29196